000
00284nam a2200109Ia 4500
008
200302s9999 xx 000 0 und d
100
_a
Bill Addis
245
_a
Building 3000 Years of Design Engineering and Construction
260
_b
Phaidon Perss Ltd.
260
_c
2007
300
_a
640
999
_c
3359
_d
3359